1972 1510 1661 1399 1091 1100 1417 1810 1649 1390 1497 1913 1292 1898 1355 1622 1256 1576 1959 1918 1403 1921 1360 1290 1976 1533 1276 1300 1154 1037 1897 1838 1792 1069 1387 1799 1004 1611 1450 1374 1580 1900 1352 1426 1398 1017 1123 1447 1267 1664 1503 1445 1183 1873 1956 1059 1154 1393 1158 1013 1283 1850 1885 1320 1813 1806 1448 1824 1306 1264 1945 1798 1281 1604 1010 1996 1648 1699 1142 1684 1003 1271 1740 1082 1792 1307 1669 1834 1297 1390 1055 1600 1231 1234 1318 1329 1407 1774 1695 BCNSPRNW ULIB Ver.6.0+V

เปลี่ยนเป็นภาษาไทย

Change to English
 แสดงรายละเอียดบรรณานุกรม
  กลับหน้าหลัก

Brief Record : Get Marc (ISO 2709) : E-mail record : QR code < ปิดหน้าต่าง
LEADER : 00000nam 2200000uu 4500
001    13399108582
003     ULIB
008    110309s2552||||th 000 0 tha d
020    9786115260164
060  4 QV766^bส882ก 2552
100 0  สุวิมล โต่นวุธ
245 00 กินมะรุมลืมมะเร็ง/^cสุวิมล โต่นวุธ
250    พิมพ์ครั้งที่ 5
260    นนทบุรี:^bกรีน-ปัญญาณ,^c2552
300    64 หน้า:^bภาพประกอบ
945    ^p60^l0^i027667
995    ทศพร
999 ^a ใช้งานได้ทุกระบบ
รายการนี้ยังไม่มีแท็ก
คุณยังไม่ได้ล็อกอิน คุณสามารถมีกิจกรรมร่วมกับเว็บไซต์ได้ แต่ต้องล็อกอินก่อน ::
  ล็อกอิน

รายการสื่อสารสนเทศ

ลำดับที่ ประเภท เลขเรียก/บาร์โค้ด สถานที่ สถานะ
- ไม่พบข้อมูล -

รายการใกล้เคียง
    ผู้แต่ง [สุวิมล โต่นวุธ]

BibComment


ยังไม่เคยถูกคอมเมนท์

คอมเมนท์ทรัพยากรรายการนี้
  คอมเมนท์: กินมะรุมลืมมะเร็ง..


 Copyright 2026. Bcnsprnw @Library